Optimizing electrophoretic methods for analysis of genetic origins in grain and food samples (Record no. 46249)

MARC details
000 -LEADER
fixed length control field 00392nam a2200133Ia 4500
100 ## - MAIN ENTRY--AUTHOR NAME
Personal name Wringley Colin
245 #0 - TITLE STATEMENT
Title Optimizing electrophoretic methods for analysis of genetic origins in grain and food samples
260 ## - PUBLICATION, DISTRIBUTION, ETC. (IMPRINT)
Name of publisher Electrophoresis
700 ## - ADDED ENTRY--PERSONAL NAME
Personal name Campbell William
700 ## - ADDED ENTRY--PERSONAL NAME
Personal name Cros Diana du
700 ## - ADDED ENTRY--PERSONAL NAME
Personal name Margolis Joel
942 ## - ADDED ENTRY ELEMENTS (KOHA)
Koha item type Reprints
Holdings
Withdrawn status Lost status Damaged status Not for loan Home library Current library Date acquired Accession Number Koha item type
      Reprints RRII Library RRII Library 22/12/2021 P0860 Reprints